| 000 | 00891nam a2200277 i 4500 | ||
|---|---|---|---|
| 001 | 12925 | ||
| 003 | ES-MaACL | ||
| 005 | 20230906150435.0 | ||
| 007 | t| | ||
| 008 | 971013s1996 sp ||||1| spa d | ||
| 020 | _a84-7658-490-3 | ||
| 080 | _a301.18 | ||
| 080 | _a001.5 | ||
| 100 | 1 |
_aLuhmann, Niklas. _974673 |
|
| 245 | 1 | 0 |
_aIntroducción a la teoría de sistemas / _cNiklas Luhmann ; lecciones publicadas por Javier Torres Nafarrete. |
| 250 | _a1ª ed. | ||
| 260 |
_aMadrid : _bAnthropos [etc.], _c1996. |
||
| 300 |
_a302 p. ; _c23 cm. |
||
| 490 | 1 |
_aAutores, textos y temas. Ciencias sociales ; _v11 |
|
| 650 | 4 |
_aSistemas sociales. _917144 |
|
| 650 |
_aTeoría de sistemas. _9172518 |
||
| 700 | 1 |
_aTorres Nafarrate, Javier. _9110992 |
|
| 830 | 0 |
_aAutores, textos y temas. Ciencias sociales ; _v11 _9178372 |
|
| 852 |
_aES-MaACL _jL-20285 _bR.125798 |
||
| 999 |
_c12925 _d12925 |
||